The Women's project : seven new plays by women /

Bibliographic Details
Corporate Author: American Place Theatre. Women's Project
Other Authors: Miles, Julia
Format: Book
Language:English
Published: New York, N.Y. : Performing Arts Journal Publications & American Place Theatre, [1980?]
Edition:1st ed.
Series:Performing arts journal playscript series.
Subjects:

MARC

Tag First Indicator Second Indicator Subfields
LEADER 00000cam a2200000 a 4500
001 in00000074449
005 20151008053541.0
008 800924s1980 nyu 00000 eng d
010 |a  80081997  
020 |a 0933826060  |z 0933836060 
020 |a 0933826079 (pbk.) 
035 |a (OCoLC)06748496 
035 |9 AAH7808AM 
040 |a SNN  |c SNN  |d TXA  |d UtOrBLW 
049 |a TXAM  |c [387163] 
090 |a PN6120.W6  |b W7 
245 0 4 |a The Women's project :  |b seven new plays by women /  |c edited by Julia Miles. 
250 |a 1st ed. 
264 1 |a New York, N.Y. :  |b Performing Arts Journal Publications & American Place Theatre,  |c [1980?] 
300 |a 372 pages ;  |c 24 cm. 
336 |a text  |b txt  |2 rdacontent 
337 |a unmediated  |b n  |2 rdamedia 
338 |a volume  |b nc  |2 rdacarrier 
490 1 |a Performing Arts Journal playscripts 
505 0 |a Introduction / Julia Miles -- Acrobatics / Joyce Aaron and Luna Tarlo -- In the midnight hour / Kathleen Collins -- Property / Penelope Gilliatt -- Letters home -- Rose Leiman Goldemberg -- Killings on the last line -- Lavonne Mueller -- Separate ceremonies -- Phyllis Purscell -- Signs of life -- Joan Schenkar. 
650 0 |a American drama  |x Women authors. 
700 1 |a Miles, Julia. 
710 2 |a American Place Theatre.  |b Women's Project. 
830 0 |a Performing arts journal playscript series. 
999 |a MARS 
999 f f |s 642d1571-0218-3186-984c-4fcfb5f05284  |i cfb4d844-3e14-3e50-8c6f-3a94d6608fa0  |t 0 
952 f f |p ric  |a Texas A&M University  |b Rellis Campus  |c Joint Library Facility  |d Remote Storage  |t 0  |e PN6120.W6 W7  |h Library of Congress classification  |i unmediated -- volume  |m A14806179707 
998 f f |a PN6120.W6 W7  |t 0  |l Remote Storage